000 00659nam a22002537a 4500
003 UA-OsUOA
001 26573
007 ta
008 20040607b un ||||| |||| 00| 0 ukr d
100 _aДепенчук Н.П.
700 _aКрисаченко В.С.
090 _a507
_bД35
942 _cBK
040 _aUA-OsUOA
_brus
_cUA-OsUOA
_dUA-OsUOA
245 _aЭкология и теория эволюции /Методологический аспект/
300 _a239 с.
955 _a0
041 _arus
080 _a507
260 _aКиев
_bНаукова думка
_c1987
044 _aUA
650 7 _2UDC
999 _c312898
_d312898